000
00327nam a2200133Ia 4500
008
100328s9999 xx 000 0 und d
082
_b
23710
100
_a
साळोखे विलास
245
_a
विंग
260
_b
गुरु ऊँ
630
_a
विंग
730
_a
विंग
942
_c
BOOK
999
_c
517317
_d
517314